Electronic Government and the Information Systems Perspective 5th International Conference, EGOVIS 2016, Porto, Portugal, September 5-8, 2016, Proceedings /

This book constitutes the refereed proceedings of the 5th International Conference on Electronic Government and the Information Systems Perspective, EGOVIS 2016, held in Porto, Portugal, in September 2016, in conjunction with DEXA 2015. The 22 revised full papers presented together with three invite...

Full description

Corporate Author: SpringerLink (Online service)
Other Authors: Kő, Andrea. (Editor, http://id.loc.gov/vocabulary/relators/edt), Francesconi, Enrico. (Editor, http://id.loc.gov/vocabulary/relators/edt)
Language:English
Published: Cham : Springer International Publishing : Imprint: Springer, 2016.
Edition:1st ed. 2016.
Series:Information Systems and Applications, incl. Internet/Web, and HCI ; 9831
Subjects:
Online Access:https://doi.org/10.1007/978-3-319-44159-7
LEADER 03972nam a22006135i 4500
001 978-3-319-44159-7
003 DE-He213
005 20210624234846.0
007 cr nn 008mamaa
008 160806s2016 gw | s |||| 0|eng d
020 |a 9783319441597  |9 978-3-319-44159-7 
024 7 |a 10.1007/978-3-319-44159-7  |2 doi 
050 4 |a QA76.9.C66 
072 7 |a UBJ  |2 bicssc 
072 7 |a COM079000  |2 bisacsh 
072 7 |a UBJ  |2 thema 
082 0 4 |a 004  |2 23 
245 1 0 |a Electronic Government and the Information Systems Perspective  |h [electronic resource] :  |b 5th International Conference, EGOVIS 2016, Porto, Portugal, September 5-8, 2016, Proceedings /  |c edited by Andrea Kő, Enrico Francesconi. 
250 |a 1st ed. 2016. 
264 1 |a Cham :  |b Springer International Publishing :  |b Imprint: Springer,  |c 2016. 
300 |a XIX, 319 p. 78 illus.  |b online resource. 
336 |a text  |b txt  |2 rdacontent 
337 |a computer  |b c  |2 rdamedia 
338 |a online resource  |b cr  |2 rdacarrier 
347 |a text file  |b PDF  |2 rda 
490 1 |a Information Systems and Applications, incl. Internet/Web, and HCI ;  |v 9831 
505 0 |a E-Government Cases – Legal Issues -- E-Government Cases – Technical Issues -- Open Data and Transparency -- Knowledge Representation and Modeling in E-Government -- Intelligent Systems in E-Government -- E-Government Research and Intelligent Systems -- E-Government Data and Knowledge Management -- Identity Management in E-Government. 
520 |a This book constitutes the refereed proceedings of the 5th International Conference on Electronic Government and the Information Systems Perspective, EGOVIS 2016, held in Porto, Portugal, in September 2016, in conjunction with DEXA 2015. The 22 revised full papers presented together with three invited talk were carefully reviewed and selected from 27 submissions. The papers are organized in the following topical sections: e-government cases - legal issues; e-government cases - technical issues; open data and transparency; knowledge representation and modeling in e-government; intelligent systems in e-government; e-government research and intelligent systems; e-government data and knowledge management; identity management in e-government. 
650 0 |a Computers and civilization. 
650 0 |a Application software. 
650 0 |a Database management. 
650 0 |a User interfaces (Computer systems). 
650 0 |a Management information systems. 
650 0 |a Computer science. 
650 0 |a Data encryption (Computer science). 
650 1 4 |a Computers and Society.  |0 https://scigraph.springernature.com/ontologies/product-market-codes/I24040 
650 2 4 |a Information Systems Applications (incl. Internet).  |0 https://scigraph.springernature.com/ontologies/product-market-codes/I18040 
650 2 4 |a Database Management.  |0 https://scigraph.springernature.com/ontologies/product-market-codes/I18024 
650 2 4 |a User Interfaces and Human Computer Interaction.  |0 https://scigraph.springernature.com/ontologies/product-market-codes/I18067 
650 2 4 |a Management of Computing and Information Systems.  |0 https://scigraph.springernature.com/ontologies/product-market-codes/I24067 
650 2 4 |a Cryptology.  |0 https://scigraph.springernature.com/ontologies/product-market-codes/I28020 
700 1 |a Kő, Andrea.  |e editor.  |4 edt  |4 http://id.loc.gov/vocabulary/relators/edt 
700 1 |a Francesconi, Enrico.  |e editor.  |4 edt  |4 http://id.loc.gov/vocabulary/relators/edt 
710 2 |a SpringerLink (Online service) 
773 0 |t Springer Nature eBook 
776 0 8 |i Printed edition:  |z 9783319441580 
776 0 8 |i Printed edition:  |z 9783319441603 
830 0 |a Information Systems and Applications, incl. Internet/Web, and HCI ;  |v 9831 
856 4 0 |u https://doi.org/10.1007/978-3-319-44159-7 
912 |a ZDB-2-SCS 
912 |a ZDB-2-SXCS 
912 |a ZDB-2-LNC 
950 |a Computer Science (SpringerNature-11645) 
950 |a Computer Science (R0) (SpringerNature-43710)